L'Œuvre d'Émile Zola : Rougon-Macquart et plus - Statistiques

Statistiques générales
  • Ce quiz a été pris 235 fois
  • Le résultat moyen est 13 sur 37
Statistiques - réponses
Type de quiz Année de Parution Œuvre % Correct
Rougon-Macquart 1885 Germinal
91%
Rougon-Macquart 1880 Nana
83%
Rougon-Macquart 1877 L'assomoir
80%
Rougon-Macquart 1883 Au bonheur des dames
74%
Rougon-Macquart 1890 La Bête humaine
67%
Rougon-Macquart 1871 La fortune des Rougon
61%
Rougon-Macquart 1871 La curée
56%
Rougon-Macquart 1873 Le ventre de Paris
55%
Autres 1867 Thérèse Raquin
54%
Rougon-Macquart 1886 L'oeuvre
53%
Rougon-Macquart 1887 La Terre
48%
Autres 1898 J'accuse
47%
Rougon-Macquart 1893 Le docteur Pascal
47%
Rougon-Macquart 1875 La faute de l'abbé Mouret
45%
Rougon-Macquart 1891 L'Argent
43%
Rougon-Macquart 1882 Pot-bouille
42%
Rougon-Macquart 1876 Son excellence Eugène Rougon
41%
Rougon-Macquart 1888 Le Rêve
39%
Rougon-Macquart 1892 La Débâcle
38%
Rougon-Macquart 1874 La conquête de Plassans
36%
Rougon-Macquart 1878 Une page d'amour
32%
Rougon-Macquart 1884 La joie de vivre
31%
Autres 1897 Paris
31%
Autres 1896 Rome
31%
Autres 1894 Lourdes
22%
Autres 1864 Contes à Ninon
15%
Autres 1901 Travail
11%
Autres 1899 Fécondité
10%
Autres 1903 Vérité
10%
Autres 1880 L'attaque du moulin
9%
Autres 1898 Mes haines
8%
Autres 1883 Comment on meurt
7%
Autres 1865 La confession de Claude
7%
Autres 1884 Naïs Micoulin et autres nouvelles
7%
Autres 1884 La mort d'olivier Bécaille
6%
Autres 1893 Comment on se marie
4%
Autres 1883 Aux champs
1%
Aucun quiz correspondant
Distribution des résultats
% des personnes avec chaque résultat
Percentile par nombre de réponses
Votre historique - résultats
Vous n’avez pas pris ce quiz